header

Thomas Nast : (Record no. 108476)

MARC details
000 -LEADER
fixed length control field 01677nam a2200409 i 4500
001 - CONTROL NUMBER
control field ebr10878566
003 - CONTROL NUMBER IDENTIFIER
control field CaPaEBR
006 - FIXED-LENGTH DATA ELEMENTS--ADDITIONAL MATERIAL CHARACTERISTICS--GENERAL INFORMATION
fixed length control field m o d
007 - PHYSICAL DESCRIPTION FIXED FIELD--GENERAL INFORMATION
fixed length control field cr cn|||||||||
008 - FIXED-LENGTH DATA ELEMENTS--GENERAL INFORMATION
fixed length control field 140612t20141967gauac ob 001 0 eng d
020 ## - INTERNATIONAL STANDARD BOOK NUMBER
Cancelled/invalid ISBN 9780820301839
Cancelled/invalid ISBN 9780820346182
International Standard Book Number 9780820347073 (e-book)
040 ## - CATALOGING SOURCE
Original cataloging agency CaPaEBR
Language of cataloging eng
Description conventions rda
-- pn
Transcribing agency CaPaEBR
035 ## - SYSTEM CONTROL NUMBER
System control number (OCoLC)881416218
043 ## - GEOGRAPHIC AREA CODE
Geographic area code n-us---
050 14 - LIBRARY OF CONGRESS CALL NUMBER
Classification number NC1429.N3
Item number .V5 2014eb
082 04 - DEWEY DECIMAL CLASSIFICATION NUMBER
Classification number 741.50924
Edition number 23
100 1# - MAIN ENTRY--PERSONAL NAME
Personal name Vinson, John Chalmers,
Relator term author.
245 10 - TITLE STATEMENT
Title Thomas Nast :
Remainder of title political cartoonist /
Statement of responsibility, etc by J. Chal Vinson.
264 #1 - PRODUCTION, PUBLICATION, DISTRIBUTION, MANUFACTURE, AND COPYRIGHT NOTICE
Place of production, publication, distribution, manufacture Athens, Georgia :
Name of producer, publisher, distributor, manufacturer University of Georgia Press,
Date of production, publication, distribution, manufacture, or copyright notice 2014.
Date of production, publication, distribution, manufacture, or copyright notice �1967
300 ## - PHYSICAL DESCRIPTION
Extent 1 online resource (176 pages) :
Other physical details illustrations, portraits
336 ## - CONTENT TYPE
Content type term text
Source rdacontent
337 ## - MEDIA TYPE
Media type term computer
Source rdamedia
338 ## - CARRIER TYPE
Carrier type term online resource
Source rdacarrier
504 ## - BIBLIOGRAPHY, ETC. NOTE
Bibliography, etc Includes bibliographical references and index.
588 ## - SOURCE OF DESCRIPTION NOTE
Source of description note Description based on print version record.
590 ## - LOCAL NOTE (RLIN)
Local note Electronic reproduction. Palo Alto, Calif. : ebrary, 2014. Available via World Wide Web. Access may be limited to ebrary affiliated libraries.
600 10 - SUBJECT ADDED ENTRY--PERSONAL NAME
Personal name Nast, Thomas,
Dates associated with a name 1840-1902.
650 #0 - SUBJECT ADDED ENTRY--TOPICAL TERM
Topical term or geographic name as entry element Cartoonists
Geographic subdivision United States
Form subdivision Biography.
Topical term or geographic name as entry element Cartoonists.
655 #0 - INDEX TERM--GENRE/FORM
Genre/form data or focus term Electronic books.
776 08 - ADDITIONAL PHYSICAL FORM ENTRY
Display text Print version:
Main entry heading Vinson, John Chalmers.
Title Thomas Nast : political cartoonist.
Place, publisher, and date of publication Athens, Georgia : University of Georgia Press, c2014
Physical description x, 154 pages
International Standard Book Number 9780820301839
Record control number 66027605
797 2# - LOCAL ADDED ENTRY--CORPORATE NAME (RLIN)
Corporate name or jurisdiction name as entry element ebrary.
856 40 - ELECTRONIC LOCATION AND ACCESS
Uniform Resource Identifier <a href="http://site.ebrary.com/lib/rucke/Doc?id=10878566">http://site.ebrary.com/lib/rucke/Doc?id=10878566</a>
Public note An electronic book accessible through the World Wide Web; click to view

No items available.

© 2026 Rongo University
Contact us: librarian | system librarian | Rongo university